000 00584nam a2200229Ia 4500
003 OSt
005 20220918200626.0
006 a|||||r|||| 00| 0
007 ta
008 220917b |||||||| |||| 00| 0 eng d
024 _a89,599
037 _cTextual
040 _aARTS
_cARTS
_beng
041 _2eng
_aeng
082 _aU5:73:M8, H8
100 _aBrown Ralph H
_994911
245 0 _aHistorical geography of the United States
260 _c1948
650 _aGEOPOLITICS
_940978
942 _hU5:73:M8, H8
_cTEXL
_2CC
999 _c213269
_d213269